Zombies dans la fiction en images - Statistiques

Statistiques générales
  • Ce quiz a été pris 146 fois
  • Le résultat moyen est 5 sur 20
Statistiques - réponses
Par images Réponse % Correct
The Walking Dead
82%
Hotel Transylvanie
48%
Monster High
48%
Plants vs Zombies
41%
World War Z
39%
iZombie
38%
Dead Island 2
29%
Shaun of the Dead
25%
All of us are dead
24%
Z.O.M.B.I.E.S.
20%
What If... ?
18%
Left 4 Dead
16%
Highschool of the Dead
15%
Bienvenue à Zombieland
12%
Warm Bodies
9%
Army of the Dead
8%
Zom 100 : Bucket List of the Dead
6%
Dead Snow
4%
Zombieland Saga
3%
The House of the Dead 2
2%
Aucun quiz correspondant
Distribution des résultats
% des personnes avec chaque résultat
Percentile par nombre de réponses
Votre historique - résultats
Vous n’avez pas pris ce quiz